Detalles MARC
| 000 -LEADER |
| longitud fija campo de control |
02335nam a2200745 4500 |
| 003 - IDENTIFICADOR DE NUMERO DE CONTROL |
| control del campo |
AR-RoUNA |
| 005 - FECHA DE LA ULTIMA MODIFICACION |
| control del campo |
20251110131913.0 |
| 008 - CAMPO DE CONTROL - LIBROS |
| longitud fija campo de control |
251029b |||||||| |||| 00| 0 spa d |
| 020 ## - INTERNATIONAL STANDARD BOOK NUMBER |
| ISBN |
84-378-0021-8 |
| 040 ## - ORIGEN DE LA CATALOGACION |
| Agencia que cataloga la obra original |
AR-RoUNA |
| Entidad que modifico el registro |
AR-RoUNA |
| Idioma en que se cataloga |
spa |
| 041 ## - CODIGO DE IDIOMA |
| Codigo de idioma del texto / sonido o titulo separado |
spa |
| 044 ## - CODIGO DE PAIS / ENTIDAD PRODUCTORA |
| Codigo MARC del pais |
ag |
| 245 10 - TITULO PROPIAMENTE DICHO |
| Titulo |
Todo Madrid : |
| Subtitulo |
153 fotos a todo color |
| 250 ## - MENCION DE EDICION |
| Edicion declarada |
1a. ed. |
| 260 ## - EDITORIAL - PUBLICACION, DISTRIBUCION, ETC. (Pie de imprenta) |
| Lugar de publicacion, distribucion, etc |
Barcelona : |
| Nombre del editor, distribuidor, etc |
Editorial Escudo de Oro S.A, |
| Fecha de publicacion |
1979 |
| 300 ## - DESCRIPCION FISICA |
| Extension |
94 p.: |
| Otros detalles fisicos |
fot. col., |
| Dimensiones |
24x21 cm |
| 490 ## - MENCION DE SERIE |
| Titulo de la serie |
Todo España |
| Numero del volumen / designacion secuencial |
v. 1 |
| 505 0# - NOTA DE CONTENIDO CON FORMATO |
| Título |
INDICE |
| 505 0# - NOTA DE CONTENIDO CON FORMATO |
| Título |
Madrid, Capital de España /p.4 |
| 505 0# - NOTA DE CONTENIDO CON FORMATO |
| Título |
La Puerta del Sol /p.7 |
| 505 0# - NOTA DE CONTENIDO CON FORMATO |
| Título |
La Plaza Mayor /p.10 |
| 505 0# - NOTA DE CONTENIDO CON FORMATO |
| Título |
Gastronomia Madrileña /p.13 |
| 505 0# - NOTA DE CONTENIDO CON FORMATO |
| Título |
La Pradera de San Isidro /p.15 |
| 505 0# - NOTA DE CONTENIDO CON FORMATO |
| Título |
Madrid Nocturno /p.15 |
| 505 0# - NOTA DE CONTENIDO CON FORMATO |
| Título |
El Madrid del Centro /p.17 |
| 505 0# - NOTA DE CONTENIDO CON FORMATO |
| Título |
Plaza de la Cibeles /p.22 |
| 505 0# - NOTA DE CONTENIDO CON FORMATO |
| Título |
Puerta de Alcala /p.24 |
| 505 0# - NOTA DE CONTENIDO CON FORMATO |
| Título |
Toros /p.26 |
| 505 0# - NOTA DE CONTENIDO CON FORMATO |
| Título |
Parque del retiro /p.28 |
| 505 0# - NOTA DE CONTENIDO CON FORMATO |
| Título |
Museo del Prado /p.35 |
| 505 0# - NOTA DE CONTENIDO CON FORMATO |
| Título |
El Paseo del Prado /p.40 |
| 505 0# - NOTA DE CONTENIDO CON FORMATO |
| Título |
El Congreso de los Diputados /p.42 |
| 505 0# - NOTA DE CONTENIDO CON FORMATO |
| Título |
Plaza de Oriente /p.43 |
| 505 0# - NOTA DE CONTENIDO CON FORMATO |
| Título |
Palacio Real /p.44 |
| 505 0# - NOTA DE CONTENIDO CON FORMATO |
| Título |
Teatro Real /p.51 |
| 505 0# - NOTA DE CONTENIDO CON FORMATO |
| Título |
Casa de Campo /p.52 |
| 505 0# - NOTA DE CONTENIDO CON FORMATO |
| Título |
Puerta de Toledo /p.56 |
| 505 0# - NOTA DE CONTENIDO CON FORMATO |
| Título |
El Rastro /p.58 |
| 505 0# - NOTA DE CONTENIDO CON FORMATO |
| Título |
El Madrid Romantico /p.61 |
| 505 0# - NOTA DE CONTENIDO CON FORMATO |
| Título |
Museo Arqueologico /p.63 |
| 505 0# - NOTA DE CONTENIDO CON FORMATO |
| Título |
Templo Egipcio de Debod /p.66 |
| 505 0# - NOTA DE CONTENIDO CON FORMATO |
| Título |
Biblioteca Nacional /p.66 |
| 505 0# - NOTA DE CONTENIDO CON FORMATO |
| Título |
Museo de Arte Contemporaneo /p.68 |
| 505 0# - NOTA DE CONTENIDO CON FORMATO |
| Título |
Paseo de la Castellana /p.70 |
| 505 0# - NOTA DE CONTENIDO CON FORMATO |
| Título |
Plaza del Callao /p.77 |
| 505 0# - NOTA DE CONTENIDO CON FORMATO |
| Título |
Plaza de España /p.78 |
| 505 0# - NOTA DE CONTENIDO CON FORMATO |
| Título |
Plaza de la Moncloa /p.82 |
| 505 0# - NOTA DE CONTENIDO CON FORMATO |
| Título |
La Ciudad Universitaria /p.85 |
| 505 0# - NOTA DE CONTENIDO CON FORMATO |
| Título |
Madrid y los Deportes /p.86 |
| 505 0# - NOTA DE CONTENIDO CON FORMATO |
| Título |
Palacio de la Zarazuela /p.89 |
| 505 0# - NOTA DE CONTENIDO CON FORMATO |
| Título |
Palacio de la Moncloa /p.90 |
| 505 0# - NOTA DE CONTENIDO CON FORMATO |
| Título |
Palacio de el Pardo /p.90 |
| 505 0# - NOTA DE CONTENIDO CON FORMATO |
| Título |
El Valle de los Caidos /p.92 |
| 505 0# - NOTA DE CONTENIDO CON FORMATO |
| Título |
El Escorial /p.92 |
| 505 0# - NOTA DE CONTENIDO CON FORMATO |
| Título |
El Real Sitio de Aranjuez /p.93 |
| 650 #4 - MATERIA - TERMINO TEMATICO |
| Término temático general |
Arte |
| 650 #4 - MATERIA - TERMINO TEMATICO |
| Término temático general |
Historia |
| 650 #4 - MATERIA - TERMINO TEMATICO |
| Término temático general |
Patrimonio dela humanidad |
| 651 #4 - MATERIA - NOMBRE GEOGRAFICO |
| Termino geografico |
Madrid, España |
| 9 (RLIN) |
3578 |
| 908 ## - SOPORTE |
| Soporte |
Imp |
| 930 ## - ACCESION |
| Numero de accesion (NR) |
12269 |
| 942 ## - FUENTE DE CLASIFICACION |
| Clasificacion |
Universal Decimal Classification |
| Tipo de item |
Libro |
| 945 ## - INFORMACION DE PROCESAMIENTO |
| Fecha de ingreso o modificacion |
2025-10-29 |
| Codigo del operador |
MIA |
| 980 ## - DECLARACIÓN DE EQUIVALENCIA O SERIE DE REFERENCIA CRUZADA - NOMBRE / TÍTULO PERSONAL [LOCAL, CANADÁ] |
| Código del operador |
1 |
| Nombre del operador |
Maricel Allasia |
| Código del operador que modifico el registro |
5 |
| Nombre del operador que modifico el registro |
María Machado |